Questions of Ethics in Counselling and Therapy/ (Record no. 3578)
[ view plain ]
| 000 -LEADER | |
|---|---|
| fixed length control field | 00441nam a22001457a 4500 |
| 005 - DATE AND TIME OF LATEST TRANSACTION | |
| control field | 20250207175116.0 |
| 008 - FIXED-LENGTH DATA ELEMENTS--GENERAL INFORMATION | |
| fixed length control field | 250207b |||||||| |||| 00| 0 eng d |
| 020 ## - INTERNATIONAL STANDARD BOOK NUMBER | |
| International Standard Book Number | 9780335206100 |
| 050 ## - LIBRARY OF CONGRESS CALL NUMBER | |
| Classification number | RC455.2 |
| Item number | .E8 |
| 245 ## - TITLE STATEMENT | |
| Title | Questions of Ethics in Counselling and Therapy/ |
| Statement of responsibility, etc. | Caroline Jones...et al., |
| 260 ## - PUBLICATION, DISTRIBUTION, ETC. | |
| Place of publication, distribution, etc. | Buckingham |
| Name of publisher, distributor, etc. | Open University Press |
| Date of publication, distribution, etc. | 2000 |
| 300 ## - PHYSICAL DESCRIPTION | |
| Extent | xvi, 190p. |
| Other physical details | ill. |
| Dimensions | 21.5cm |
| 700 ## - ADDED ENTRY--PERSONAL NAME | |
| Personal name | Jones, Caroline |
| 942 ## - ADDED ENTRY ELEMENTS (KOHA) | |
| Source of classification or shelving scheme | Library of Congress Classification |
| Koha item type | Books |
| Suppress in OPAC | No |
| 999 ## - | |
| -- | 3578 |
| -- | 3578 |
| Withdrawn status | Lost status | Source of classification or shelving scheme | Damaged status | Not for loan | Collection | Home library | Current library | Shelving location | Date acquired | Total checkouts | Full call number | Barcode | Date last seen | Copy number | Price effective from | Koha item type |
|---|---|---|---|---|---|---|---|---|---|---|---|---|---|---|---|---|
| Library of Congress Classification | Non-fiction | Science Library (Miotso) | Science Library (Miotso) | General stacks | 02/07/2025 | RC455.2 .E8 QUE | SLM00003019 | 02/07/2025 | 1 | 02/07/2025 | Books | |||||
| Library of Congress Classification | Non-fiction | Science Library (Miotso) | Science Library (Miotso) | General stacks | 02/07/2025 | RC455.2 .E8 QUE | SLM00003020 | 02/07/2025 | 2 | 02/07/2025 | Books | |||||
| Library of Congress Classification | Non-fiction | Science Library (Miotso) | Science Library (Miotso) | General stacks | 02/07/2025 | RC455.2 .E8 QUE | SLM00003021 | 02/07/2025 | 3 | 02/07/2025 | Books | |||||
| Library of Congress Classification | Non-fiction | Science Library (Miotso) | Science Library (Miotso) | General stacks | 02/07/2025 | RC455.2 .E8 QUE | SLM00003022 | 02/07/2025 | 4 | 02/07/2025 | Books | |||||
| Library of Congress Classification | Non-fiction | Science Library (Miotso) | Science Library (Miotso) | General stacks | 02/07/2025 | RC455.2 .E8 QUE | SLM00003023 | 02/07/2025 | 5 | 02/07/2025 | Books |